| 000 | nam a22 a 4500 | ||
|---|---|---|---|
| 999 |
_c390400 _d390400 |
||
| 003 | BLK | ||
| 005 | 20201026132517.0 | ||
| 008 | 201021b bu ||||| |||| 00| 0 bu d | ||
| 040 | _aBLK | ||
| 041 |
_aRUS _cRUS |
||
| 080 |
_aРуска литература _b821.161.1 _x-31 _z821.161.1-31 |
||
| 100 |
_9380617 _aГончаров, Иван Александрович _eпърви автор |
||
| 245 |
_aПолное собрание сочинений _bТ. 1 - _cИ. А. Гончаров ; С портр. авт., грав. акад. И. П. Пожалостиным и факс. _nТ. 6 |
||
| 250 | _a2. изд. | ||
| 260 |
_aСанкт-Петербург _c1886 _9213438 _bА. Ф. Маркс |
||
| 300 | _c22 см | ||
| 380 | _aX | ||
| 490 |
_9435080 _aКолекция Редки и ценни издания |
||
| 700 |
_9599 _aПожалостин, Иван Петрович _eил. |
||
| 760 |
_h392 с. : 1 л. портр. _oТ. 6 |
||
| 852 |
_aРр 886 _bРц |
||
| 942 |
_cKNG _n0 _s1 |
||
| 944 |
_aCR _c2020-10-23 _kВЙ |
||
| 999 | _d390400 | ||
| 999 | _d390400 | ||